000 00379nam a2200145Ia 4500
008 230711s9999||||xx |||||||||||||| ||und||
041 _aENG
082 _a4
_bGH-I
100 _aGhosh,AK
245 0 _aIntroduction to instrumentation and control
250 _a1st Ed.
260 _c2002
_aNew Delhi
_bPHI Learning Private Limited
650 _aElectrical Engineering
942 _cBK
999 _c4081
_d4081